Abnormal psychology ; a revision of Edmund S. Conklin's Principles of abnormal psychology.

Bibliographic Details
Main Author: Klein, David Ballin, 1897-
Other Authors: Conklin, Edmund Smith, 1884-
Format: Book
Language:English
Published: New York : Holt, [1951]
Subjects:

MARC

Tag First Indicator Second Indicator Subfields
LEADER 00000cam a2200000 4500
001 in00000053091
005 20151007080433.0
008 751211s1951 nyua 00000 eng
010 |a  51012029  
035 |a (OCoLC)01890100 
035 |9 AAF4817AM 
040 |a DLC  |c FQG  |d TXA  |d UtOrBLW 
049 |a TXAM  |c [199484] 
050 0 0 |a BF173  |b .K46 
082 0 |a 132 
092 |a 132  |b K64a 
100 1 |a Klein, David Ballin,  |d 1897- 
245 1 0 |a Abnormal psychology ;  |b a revision of Edmund S. Conklin's Principles of abnormal psychology. 
264 1 |a New York :  |b Holt,  |c [1951] 
264 4 |c [©1951] 
300 |a xvii, 580 pages :  |b illustrations ;  |c 24 cm. 
336 |a text  |b txt  |2 rdacontent 
337 |a unmediated  |b n  |2 rdamedia 
338 |a volume  |b nc  |2 rdacarrier 
500 |a Bibliographical footnotes. 
650 0 |a Psychology, Pathological. 
700 1 |a Conklin, Edmund Smith,  |d 1884-  |t Principles of abnormal psychology. 
999 |a MARS 
999 f f |s 733b89e0-f7d7-3ac5-ac6e-75000ba7fc89  |i 393d791a-cbaa-3ad9-ab03-a70bfb42e48e  |t 0 
952 f f |p ric  |a Texas A&M University  |b Rellis Campus  |c Joint Library Facility  |d Remote Storage  |t 0  |e BF173 .K46  |h Library of Congress classification  |i unmediated -- volume  |m A14800511375 
998 f f |a BF173 .K46  |t 0  |l Remote Storage